Biblioteca

The legacy of Karl Gottlieb Pfander (Registro nro. 57409)

Detalles MARC
000 -LÍDER
Campo fijo de descripción fija 005480000a22001810004500
001 - NÚMERO DE CONTROL
Campo de control 768714001
003 - IDENTIFICADOR DEL NÚMERO DE CONTROL
Campo de control CO-MdFUSB
005 - FECHA Y HORA DE LA ULTIMA TRANSACCIÓN
control field 20260305202740.0
008 - ELEMENTOS DE LONGITUD FIJA -- INFORMACIÓN GENERAL
Campo fijo de descripción fija -- Información general 260305b |||||||| |||| 00| 0 eng d
040 ## - FUENTE DE CATALOGACIÓN
Idioma de catalogación eng
Agencia que realiza la transcripción CO-MdFUSB
041 ## - CÓDIGO DE IDIOMA
Código de idioma para texto/pista de sonido o título separado eng
100 1# - ASIENTO PRINCIPAL--NOMBRE PERSONAL
Nombre personal Bennett, Clinton
Término relacionador autor
245 10 - TÍTULO
Título The legacy of Karl Gottlieb Pfander
Mención de responsabilidad / Clinton Bennett
300 ## - DESCRIPCIÓN FÍSICA
Extensión Vol. 20, Núm 2 (1996), Páginas 76-81
773 0# - ASIENTO DE ITEM FUENTE
Título International Bulletin
Biblionumber 49483
Itemnumber 61011
Parte(s) relacionada(s) / Volumen., número. (mes año), páginas Vol. 20, Núm 2 (1996), Páginas 76-81
Enumeración y primera página Páginas 76
942 ## - TIPO DE MATERIAL (KOHA)
Tipo de Item KOHA Artículos de Revista
945 ## - INFORMACIÓN LOCAL DEL REGISTRO
Catalogador JTF-925

No hay ítems disponibles.

Biblioteca FUSBC | Teléfono: (57+4) 349 88 10 Ext. 141| WhatsApp (+57) 3005338115 
E-mail: biblioteca@unisbc.edu.co | Calle 76 87-14 Robledo Palenque, Medellín, Colombia

Con tecnología Koha